UM Logo
Normal view MARC view
  • Villegas, Christian Edu B.

Entry Personal Name

Number of records used in: 1

001 - CONTROL NUMBER

  • control field: 61373

003 - CONTROL NUMBER IDENTIFIER

  • control field: OSt

005 - DATE AND TIME OF LATEST TRANSACTION

  • control field: 20240923091348.0

008 - FIXED-LENGTH DATA ELEMENTS

  • fixed length control field: 240923|| aca||aabn | a|a d

040 ## - CATALOGING SOURCE

  • Original cataloging agency: OSt
  • Transcribing agency: OSt

100 ## - HEADING--PERSONAL NAME

  • Personal name: Villegas, Christian Edu B.
  • Relator term: author.

670 ## - SOURCE DATA FOUND

  • Source citation: Work cat.: (OSt): Villegas, Christian Edu B. author., Benefits of good stress /, March 2018.